5 najlepszych reprezentacji w różnych sportach. - Statystyki

Ogólne statystyki
  • Ten quiz został rozwiązany 3 250 razy
    2 124 od ostatniego zresetowania
  • Średni wynik to 41 z 55
Statystyki odpowiedzi
miejsce Reprezentacja % Poprawnych
1 Polska
99%
2 Argentyna
98%
4 Argentyna
98%
4 Argentyna
98%
1 Brazylia
98%
4 Brazylia
98%
3 Brazylia
98%
1 Brazylia
98%
3 Francja
98%
5 Francja
98%
3 Francja
98%
2 Francja
98%
5 Francja
98%
2 Stany Zjednoczone
96%
4 Stany Zjednoczone
96%
1 Stany Zjednoczone
96%
3 Stany Zjednoczone
96%
1 Hiszpania
92%
2 Hiszpania
92%
1 Niemcy
90%
2 Włochy
89%
4 Włochy
89%
2 Kanada
87%
5 Anglia
85%
5 Anglia
85%
2 Anglia
85%
5 Rosja
84%
2 Rosja
84%
3 Rosja
84%
2 Rosja
84%
5 Rosja
84%
4 Belgia
81%
5 Szwecja
79%
5 Szwecja
79%
1 Portugalia
78%
3 Portugalia
78%
1 Japonia
72%
3 Australia
68%
3 Dania
68%
2 Meksyk
65%
5 Meksyk
65%
1 Finlandia
64%
1 Indie
61%
3 Nowa Zelandia
53%
5 Nowa Zelandia
53%
1 Irlandia
45%
4 Korea Południowa
39%
5 Szwajcaria
37%
4 Republika Południowej Afryki
36%
4 Republika Południowej Afryki
36%
4 Węgry
29%
3 Pakistan
23%
2 Chińskie Tajpej (Tajwan)
9%
3 Panama
9%
4 Senegal
9%
Nie znaleziono quizów pasujących do podanych kryteriów
Rozkład punktacji
Procent ludzi z każdym wynikiem
Percentyl według liczby udzielonych odpowiedzi
Twoja historia wyników
Nie rozwiązałeś tego quizu od ostatniego zresetowania